[Event "Int. Stuttgarter Stadtmeisterschaft C"]
[Site "Ditzingen"]
[Date "2016.05.05"]
[Round "2.6"]
[White "Winterkorn, Nikolaus"]
[Black "Stiefelmeyer, Michael"]
[Result "0-1"]
[WhiteElo "1376"]
[BlackElo "1214"]
[PlyCount "54"]
[EventDate "2016.??.??"]
[WhiteTeam "DJK Sportbund Stgt."]
[BlackTeam "SF Nabern"]

1. Nf3 Nc6 2. d4 d5 3. a3 Nf6 4. Nc3 h6 5. Bf4 Bf5 6. e3 a6 7. h3 e6 8. Nh4 Bh7
9. Bg3 Bd6 10. Bxd6 Qxd6 11. Nf3 e5 12. dxe5 Nxe5 13. Be2 O-O 14. O-O Rad8 15.
Nxe5 Qxe5 16. Qd4 Qxd4 17. exd4 Bxc2 18. Bf3 Be4 19. Be2 Bg6 20. Rac1 c6 21.
Rfe1 Rfe8 22. Kf1 Ne4 23. Red1 Nxc3 24. Rxc3 Re6 25. f3 Rde8 26. Kf2 Rxe2+ 27.
Kg3 Rxb2 0-1

[Event "Int. Stuttgarter Stadtmeisterschaft C"]
[Site "Ditzingen"]
[Date "2016.05.05"]
[Round "2.7"]
[White "Postler, Jonathan"]
[Black "Meißner, Mogens"]
[Result "0-1"]
[WhiteElo "1204"]
[BlackElo "1364"]
[PlyCount "72"]
[EventDate "2016.??.??"]
[WhiteTeam "TSV/RSK Esslingen"]
[BlackTeam "SK Bietigheim-Bissingen"]

1. d4 Nf6 2. c4 g6 3. Nc3 Bg7 4. Bg5 d6 5. e3 O-O 6. Bd3 Re8 7. Nf3 Nbd7 8. O-O
c5 9. dxc5 Nxc5 10. Qc2 Nxd3 11. Qxd3 h6 12. Bxf6 Bxf6 13. Rfd1 b6 14. Rac1 Ba6
15. b3 Qd7 16. Ne2 Rad8 17. Ng3 Bb7 18. Qe2 Bc6 19. Rc2 Qb7 20. Rcd2 Kh8 21.
Rd3 h5 22. Rf1 h4 23. Nh1 Rg8 24. h3 Rg7 25. Rd2 Rdg8 26. Re1 Bxf3 27. Qxf3
Qxf3 28. gxf3 Bc3 29. Rdd1 Bxe1 30. Rxe1 g5 31. f4 gxf4+ 32. Kf1 f3 33. Ng3
hxg3 34. fxg3 Rxg3 35. Rd1 Rg1+ 36. Kf2 Rxd1 0-1

[Event "Int. Stuttgarter Stadtmeisterschaft C"]
[Site "Ditzingen"]
[Date "2016.05.05"]
[Round "2.8"]
[White "Dhaneesh Naduvilayil"]
[Black "Friedl, Bastian"]
[Result "1-0"]
[WhiteElo "1350"]
[BlackElo "1204"]
[PlyCount "53"]
[EventDate "2016.??.??"]
[BlackTeam "SF Freiberg"]

1. e4 e5 2. Nf3 Nc6 3. c3 Nf6 4. d4 exd4 5. e5 Qe7 6. cxd4 d5 7. Nc3 Qe6 8. Be2
Ne4 9. O-O a6 10. Nxe4 dxe4 11. d5 Qe7 12. dxc6 exf3 13. Bxf3 b6 14. Re1 Be6
15. a3 Rd8 16. Qa4 a5 17. Be3 Bc8 18. Bxb6 cxb6 19. c7+ Rd7 20. Bc6 Qe6 21.
Rad1 Ke7 22. Bxd7 Bxd7 23. Qh4+ f6 24. exf6+ gxf6 25. Rxe6+ Bxe6 26. Re1 Kd6
27. Qxf6 1-0

[Event "Int. Stuttgarter Stadtmeisterschaft C"]
[Site "Ditzingen"]
[Date "2016.05.05"]
[Round "2.9"]
[White "Fekete, Jochen"]
[Black "Höhne, Christoph"]
[Result "1-0"]
[WhiteElo "1151"]
[BlackElo "1329"]
[PlyCount "85"]
[EventDate "2016.??.??"]
[WhiteTeam "Stuttgarter SF"]
[BlackTeam "SC Ingersheim"]

1. d4 d6 2. Nf3 Nf6 3. h3 c6 4. e3 Qc7 5. c3 e5 6. Be2 Be7 7. Qc2 h6 8. Nbd2
Be6 9. dxe5 dxe5 10. Ne4 Nbd7 11. Ng3 g6 12. e4 Bc5 13. Bd2 Qb6 14. O-O h5 15.
Bd3 O-O-O 16. b4 Be7 17. a4 Nb8 18. a5 Qc7 19. Be3 Qd7 20. Rfd1 Bxh3 21. Bf1
Qg4 22. Nh2 Qe6 23. gxh3 Rdg8 24. Bxa7 h4 25. Ne2 g5 26. f3 Nbd7 27. Be3 Nh5
28. Ng4 Ndf6 29. a6 b5 30. Nc1 Nxg4 31. fxg4 Nf4 32. Nd3 Rd8 33. a7 Kc7 34. Nc5
Bxc5 35. Bxc5 Ra8 36. Rd6 Qc8 37. c4 Rd8 38. Rxd8 Qxd8 39. cxb5 Qe8 40. b6+ Kd7
41. Rd1+ Nd5 42. exd5 cxd5 43. Bb5+ 1-0

[Event "Int. Stuttgarter Stadtmeisterschaft C"]
[Site "Ditzingen"]
[Date "2016.05.05"]
[Round "2.10"]
[White "Barna, Janos"]
[Black "Stecher, Oliver"]
[Result "1-0"]
[WhiteElo "1322"]
[BlackElo "1175"]
[PlyCount "125"]
[EventDate "2016.??.??"]
[WhiteTeam "SC Leinfelden"]
[BlackTeam "SSV Zuffenhausen"]

1. e4 e5 2. Nf3 Nc6 3. Nc3 Nf6 4. h3 Bb4 5. d3 d6 6. Bd2 Be6 7. Be2 Qd7 8. Ng5
Nd4 9. a3 Ba5 10. O-O Bb6 11. Be3 Nxe2+ 12. Qxe2 Bxe3 13. Qxe3 O-O-O 14. Nxe6
Qxe6 15. Qxa7 Kd7 16. Qa4+ c6 17. Qb4 Rb8 18. Qb6 d5 19. exd5 Nxd5 20. Nxd5
Qxd5 21. Qe3 Rhe8 22. Rfd1 Kc7 23. Qf3 Qxf3 24. gxf3 f5 25. h4 Rbd8 26. h5 Rd6
27. Kg2 Red8 28. Re1 Re6 29. Re3 Rd5 30. Rae1 Kd6 31. c4 Rd4 32. Kh3 f4 33. Re4
Rxd3 34. Kg4 Rd4 35. b4 b5 36. cxb5 cxb5 37. R1e2 Kd5 38. Kf5 Rxe4 39. Rxe4 g6+
40. hxg6 hxg6+ 41. Kg5 Kd6 42. Re1 Kd5 43. Rc1 Rc6 44. Rd1+ Kc4 45. Rc1+ Kd5
46. Rd1+ Kc4 47. Rd8 Rb6 48. Re8 Kd4 49. Rc8 Kd3 50. Rc5 Ke2 51. Kg4 Ra6 52.
Rxb5 Rxa3 53. Rxe5+ Kxf2 54. Kxf4 Rxf3+ 55. Kg4 Rg3+ 56. Kf4 Rb3 57. b5 Rf3+
58. Ke4 Re3+ 59. Kd4 Rb3 60. Kc4 Rb1 61. Rg5 Rc1+ 62. Kd5 Rd1+ 63. Kc6 1-0

[Event "Int. Stuttgarter Stadtmeisterschaft C"]
[Site "Ditzingen"]
[Date "2016.05.05"]
[Round "2.11"]
[White "Dietrich, Malte"]
[Black "Reichmann, Bernd"]
[Result "1-0"]
[WhiteElo "1317"]
[BlackElo "1084"]
[PlyCount "97"]
[EventDate "2016.??.??"]
[WhiteTeam "Rochade Metzingen"]
[BlackTeam "SV Fellbach"]

1. d4 d5 2. c4 Nf6 3. Nc3 c6 4. e3 dxc4 5. Bxc4 e6 6. a3 a6 7. b4 Be7 8. Nf3
Nbd7 9. Qc2 Nb6 10. Bd3 g6 11. e4 Bd7 12. Bh6 Bf8 13. Bxf8 Kxf8 14. Ne5 Kg7 15.
O-O Be8 16. Ne2 Rc8 17. f4 Nbd7 18. Nc4 Qc7 19. Qc3 Kg8 20. Qd2 Nb6 21. Ne3
Nfd7 22. g4 Qd8 23. Qe1 Nf8 24. Bc2 h5 25. g5 Nbd7 26. h4 Qc7 27. e5 Nb6 28.
Nc3 Nd5 29. Na4 Nxe3 30. Qxe3 Nd7 31. Rac1 Qb8 32. Nc3 Nb6 33. Qd3 Nd5 34. Ne4
Kg7 35. Bb3 Rd8 36. Kg2 Ne7 37. Kh3 Nf5 38. Nc5 Rxd4 39. Qc3 Qc7 40. Bxe6 Rd8
41. Bxf5 gxf5 42. e6+ Kh7 43. Qf6 Rd5 44. Rce1 Kg8 45. Re5 Rxe5 46. fxe5 Rh7
47. Rxf5 Rg7 48. exf7+ Bxf7 49. e6 1-0

[Event "Int. Stuttgarter Stadtmeisterschaft C"]
[Site "Ditzingen"]
[Date "2016.05.05"]
[Round "2.12"]
[White "Bierkant, Sinan"]
[Black "Drianis, Anton"]
[Result "1/2-1/2"]
[WhiteElo "928"]
[BlackElo "1296"]
[PlyCount "52"]
[EventDate "2016.??.??"]
[WhiteTeam "GSV Hemmingen"]
[BlackTeam "SK Gerlingen"]

1. d4 d5 2. Nc3 Nf6 3. Bg5 e6 4. e3 Bb4 5. Bd3 c6 6. Nf3 h6 7. Bh4 Nbd7 8. O-O
O-O 9. Re1 b6 10. e4 Be7 11. exd5 cxd5 12. Ne5 Nxe5 13. dxe5 Nh7 14. Bxe7 Qxe7
15. Qg4 Ng5 16. f4 Nh7 17. f5 exf5 18. Bxf5 Bxf5 19. Qxf5 Qc5+ 20. Qf2 Qxf2+
21. Kxf2 Rac8 22. Rac1 d4 23. Nd5 Rcd8 24. Ne7+ Kh8 25. Nc6 Rd7 26. Rcd1 f6
1/2-1/2

[Event "Int. Stuttgarter Stadtmeisterschaft C"]
[Site "Ditzingen"]
[Date "2016.05.05"]
[Round "2.18"]
[White "Jünk, Ellen"]
[Black "Lettenbichler, Leon"]
[Result "1-0"]
[WhiteElo "1449"]
[BlackElo "1198"]
[PlyCount "41"]
[EventDate "2016.??.??"]
[WhiteTeam "SC Leinzell"]
[BlackTeam "TV Tegernsee"]

1. e4 c5 2. Nf3 d6 3. d4 cxd4 4. Nxd4 Nf6 5. Nc3 g6 6. Be3 Bg7 7. f3 O-O 8. Qd2
Nc6 9. Nb3 Be6 10. Nd4 Bd7 11. O-O-O Qa5 12. g4 Rfc8 13. h4 h5 14. gxh5 Nxh5
15. Kb1 a6 16. Qg2 Nxd4 17. Bxd4 Bh6 18. a3 b5 19. Nd5 Re8 20. Bb6 Qa4 21. Nc3
1-0

[Event "Int. Stuttgarter Stadtmeisterschaft C"]
[Site "Ditzingen"]
[Date "2016.05.05"]
[Round "2.19"]
[White "Hoffmann, Julian"]
[Black "Toma, Yanis"]
[Result "1-0"]
[WhiteElo "912"]
[BlackElo "1319"]
[PlyCount "55"]
[EventDate "2016.??.??"]
[WhiteTeam "Schach-Kids Bernhausen"]
[BlackTeam "Lübecker SV"]

1. e4 e5 2. Nf3 d5 3. Nxe5 Bd6 4. d4 dxe4 5. Qe2 Nf6 6. Nc3 Bf5 7. Bg5 Bb4 8.
Qb5+ Nc6 9. Nxc6 Bxc3+ 10. bxc3 Qc8 11. Na5+ c6 12. Qxb7 Qxb7 13. Nxb7 O-O 14.
Bxf6 gxf6 15. Nd6 Bg6 16. g3 Rfd8 17. Nc4 Bh5 18. Bg2 Rab8 19. Na5 Rb6 20. O-O
f5 21. Nc4 Rb7 22. Ne3 Bf3 23. Bxf3 exf3 24. Nxf5 Rb2 25. Rfc1 a5 26. Ne7+ Kg7
27. Nxc6 Rb5 28. Nxd8 1-0

[Event "Int. Stuttgarter Stadtmeisterschaft C"]
[Site "Ditzingen"]
[Date "2016.05.05"]
[Round "2.20"]
[White "Sinner, Arthur"]
[Black "Schott, Abelardo"]
[Result "1-0"]
[WhiteElo "1198"]
[BlackElo "913"]
[PlyCount "111"]
[EventDate "2016.??.??"]
[WhiteTeam "TSV/RSK Esslingen"]
[BlackTeam "SF Nabern"]

1. e4 e5 2. Nf3 Nc6 3. Bb5 Nf6 4. O-O d6 5. c3 Bd7 6. Re1 a6 7. Ba4 Be7 8. d4
exd4 9. cxd4 b5 10. Bb3 Bg4 11. h3 Bxf3 12. Qxf3 Nxd4 13. Qc3 Nxb3 14. Qxb3 O-O
15. Bg5 Nd7 16. Bxe7 Qxe7 17. Nc3 c6 18. Re3 Nc5 19. Qc2 Qe5 20. Rae1 b4 21.
Ne2 h6 22. Ng3 Rfe8 23. Nf5 Rad8 24. Ng3 a5 25. a3 b3 26. Qc3 Qf4 27. Nh5 Qg5
28. Rg3 Qe5 29. Nf6+ Kf8 30. Nxe8 Kxe8 31. Qxe5+ dxe5 32. Rxg7 Na4 33. Rg8+ Ke7
34. Rxd8 Kxd8 35. Rd1+ Ke7 36. Rd2 Nc5 37. f3 Ke6 38. Kf2 f5 39. exf5+ Kxf5 40.
Ke3 e4 41. g4+ Ke5 42. f4+ Kf6 43. Rd4 Ke6 44. Rxe4+ Kd5 45. Rd4+ Ke6 46. Rc4
Kd5 47. Rxc5+ Kxc5 48. f5 Kc4 49. f6 h5 50. g5 Kd5 51. f7 Kc5 52. f8=Q+ Kb5 53.
Kd4 Ka6 54. Qb8 h4 55. Kc5 a4 56. Qa8# 1-0

[Event "Int. Stuttgarter Stadtmeisterschaft C"]
[Site "Ditzingen"]
[Date "2016.05.05"]
[Round "2.21"]
[White "Küfner, Matthias"]
[Black "Schäfer, Helmut"]
[Result "1/2-1/2"]
[WhiteElo "824"]
[BlackElo "1147"]
[PlyCount "125"]
[EventDate "2016.??.??"]
[WhiteTeam "SV Dicker Turm Esslingen"]
[BlackTeam "TSV Münchingen"]

1. d4 e6 2. e4 c6 3. Nf3 d6 4. Bd3 Be7 5. O-O b6 6. Qe2 Nf6 7. e5 Nd5 8. a3 a5
9. c4 Nc7 10. Nc3 d5 11. cxd5 exd5 12. h3 b5 13. Bd2 Ba6 14. Nd1 a4 15. Ne3 Bc8
16. Bf5 Ba6 17. Bd3 Ne6 18. Nf5 Bf8 19. Qe3 c5 20. Rab1 Nd7 21. Nd6+ Bxd6 22.
exd6 O-O 23. Rbc1 Qb6 24. dxc5 Nexc5 25. Bb4 Rac8 26. Bxc5 Nxc5 27. Bf5 Rc6 28.
d7 Qc7 29. Nd4 Rf6 30. b4 Rc6 31. bxc5 Rxc5 32. Rxc5 Qxc5 33. Re1 g6 34. Bb1
Qd6 35. Qe7 Qc7 36. Qxf8+ Kxf8 37. Re8+ Kg7 38. d8=Q Qc1+ 39. Kh2 Qf4+ 40. g3
Qxd4 41. Qa8 Qxf2+ 42. Kh1 Qf1+ 43. Kh2 b4 44. Bxg6 hxg6 45. Rg8+ Kh6 46. Rh8+
Kg5 47. Qxd5+ Qf5 48. Qxf5+ Kxf5 49. axb4 Ke6 50. Ra8 Bb5 51. Kg2 Kd5 52. Kf3
Kc4 53. Rc8+ Kxb4 54. Rf8 f5 55. g4 fxg4+ 56. hxg4 a3 57. Ke3 g5 58. Rf2 Bc6
59. Kd4 Bd7 60. Rg2 Kb3 61. Ke5 a2 62. Rxa2 Kxa2 63. Kf6 1/2-1/2

[Event "Int. Stuttgarter Stadtmeisterschaft C"]
[Site "Ditzingen"]
[Date "2016.05.05"]
[Round "2.22"]
[White "Limbeck, Marcus"]
[Black "Acar, Lukas"]
[Result "1-0"]
[WhiteElo "1129"]
[BlackElo "880"]
[PlyCount "53"]
[EventDate "2016.??.??"]
[WhiteTeam "SC Leimen"]
[BlackTeam "SF Birkenfeld"]

1. c4 c5 2. Nc3 Nc6 3. Nf3 e5 4. g3 Nf6 5. d4 b6 6. Bg2 Bb7 7. a3 d6 8. O-O Be7
9. Ne1 Qc7 10. Nc2 O-O 11. b4 Nd7 12. Nd5 Qc8 13. b5 Bd8 14. bxc6 Bxc6 15. Nce3
g6 16. Ng4 Qb7 17. Nh6+ Kg7 18. Ng4 f5 19. Bh6+ Kg8 20. Bxf8 fxg4 21. Be7 Bxd5
22. Bxd5+ Qxd5 23. cxd5 Bxe7 24. Qa4 Nf6 25. Rac1 h5 26. Qc6 Re8 27. e4 1-0

[Event "Int. Stuttgarter Stadtmeisterschaft C"]
[Site "Ditzingen"]
[Date "2016.05.05"]
[Round "2.23"]
[White "Wippermann, Tim"]
[Black "Pillin, Josef"]
[Result "0-1"]
[WhiteElo "782"]
[BlackElo "1105"]
[PlyCount "84"]
[EventDate "2016.??.??"]
[WhiteTeam "SF Freiberg"]
[BlackTeam "SSV Zuffenhausen"]

1. e4 c5 2. Nc3 d6 3. Bc4 Nc6 4. d3 g6 5. b3 Bg7 6. Bb2 Nf6 7. Nf3 O-O 8. O-O
e6 9. Qd2 a6 10. d4 b5 11. Nxb5 axb5 12. Bxb5 Ne7 13. d5 exd5 14. e5 dxe5 15.
Bxe5 Ba6 16. a4 Bxb5 17. axb5 Rxa1 18. Rxa1 Nd7 19. Bxg7 Kxg7 20. Qc3+ Kg8 21.
Ra7 f5 22. Rxd7 Qxd7 23. Ng5 Qxb5 24. h3 d4 25. Qg3 Qe2 26. Qh4 Qh5 27. Qg3 Nd5
28. Ne6 f4 29. Qd3 Qf5 30. Qa6 Rf6 31. Qc8+ Kf7 32. Qf8+ Kxe6 33. Qe8+ Ne7 34.
g4 Qxc2 35. g5 Rf5 36. h4 Qd1+ 37. Kg2 Qg4+ 38. Kf1 Qxh4 39. Qb5 f3 40. Ke1
Qxg5 41. Qb6+ Kf7 42. Qd8 Qc1# 0-1

[Event "Int. Stuttgarter Stadtmeisterschaft C"]
[Site "Ditzingen"]
[Date "2016.05.05"]
[Round "2.24"]
[White "Klein, Werner"]
[Black "Hdya, Mohammad"]
[Result "0-1"]
[WhiteElo "1090"]
[BlackElo "823"]
[PlyCount "24"]
[EventDate "2016.??.??"]
[WhiteTeam "SV Stuttgart-Wolfbusch"]
[BlackTeam "SF Freiberg"]

1. e4 e5 2. Nf3 Nc6 3. Bc4 Nf6 4. d3 Bc5 5. O-O O-O 6. Nc3 d6 7. Re1 Bd7 8. Bg5
h6 9. Bxf6 Qxf6 10. Nd5 Qg6 11. h3 Bxh3 12. g3 Qxg3+ 0-1

[Event "Int. Stuttgarter Stadtmeisterschaft C"]
[Site "Ditzingen"]
[Date "2016.05.05"]
[Round "2.25"]
[White "Eid, Sami"]
[Black "Lin, Nathanael"]
[Result "0-1"]
[WhiteElo "1062"]
[BlackElo "756"]
[PlyCount "66"]
[EventDate "2016.??.??"]
[WhiteTeam "SF Freiberg"]
[BlackTeam "SC Sillenbuch"]

1. e4 e5 2. Nf3 Nc6 3. Bc4 d5 4. Bxd5 Nf6 5. Nc3 Nxd5 6. exd5 Nd4 7. d3 Bd6 8.
Be3 Nf5 9. Qd2 O-O 10. O-O Qf6 11. Bg5 Qg6 12. Rfe1 f6 13. Be3 Qh5 14. h3 Nh4
15. Nxh4 Qxh4 16. Qe2 f5 17. Nb5 Bd7 18. Nxa7 f4 19. g3 fxg3 20. fxg3 Qxh3 21.
Qg2 Qh5 22. c4 Rf6 23. Rf1 Rg6 24. Rf3 Bh3 25. Qh2 e4 26. g4 Rxg4+ 27. Kh1 Bxh2
28. Kxh2 Rg2+ 29. Kh1 Rf8 30. Rxf8+ Kxf8 31. Bc5+ Ke8 32. Re1 Qf3 33. dxe4 Re2+
0-1

[Event "Int. Stuttgarter Stadtmeisterschaft C"]
[Site "Ditzingen"]
[Date "2016.05.05"]
[Round "2.26"]
[White "Schott, Stefano"]
[Black "Hammann, Peter"]
[Result "0-1"]
[WhiteElo "744"]
[BlackElo "1062"]
[PlyCount "46"]
[EventDate "2016.??.??"]
[WhiteTeam "SF Nabern"]
[BlackTeam "Rochade Metzingen"]

1. e4 e5 2. Nf3 Nc6 3. Nc3 Bc5 4. Bc4 h6 5. O-O Nf6 6. b3 a6 7. d3 O-O 8. Bb5
axb5 9. Nxb5 d6 10. h3 Bd7 11. Ba3 Bxa3 12. Nxa3 Rxa3 13. Qc1 Ra7 14. Qe3 b6
15. c3 Qe7 16. d4 exd4 17. cxd4 Qxe4 18. Qxe4 Nxe4 19. d5 Ne5 20. Nxe5 dxe5 21.
Rfe1 Rfa8 22. a4 Ra5 23. f3 Nc3 0-1

[Event "Int. Stuttgarter Stadtmeisterschaft C"]
[Site "Ditzingen"]
[Date "2016.05.05"]
[Round "2.28"]
[White "Kappler, Roswitha"]
[Black "Dimitrov, Leon"]
[Result "0-1"]
[WhiteElo "725"]
[BlackElo "1033"]
[PlyCount "186"]
[EventDate "2016.??.??"]
[WhiteTeam "SG Fasanenhof"]
[BlackTeam "SF Freiberg"]

1. c4 e5 2. Nc3 Nf6 3. Nf3 Nc6 4. e4 Bc5 5. Bd3 d6 6. O-O Nd4 7. a3 Bg4 8. b4
Bb6 9. Ne2 Nxf3+ 10. gxf3 Bxf3 11. Qb3 Nxe4 12. Bxe4 Qg5+ 13. Ng3 Bxe4 14. d3
Bd4 15. Bxg5 Bxa1 16. Rxa1 Bg6 17. Re1 O-O 18. Re3 h6 19. Bh4 Bh7 20. Qd1 g5
21. Qg4 f5 22. Nxf5 Bxf5 23. Qg3 Kh8 24. Qf3 gxh4 25. Qh5 Rf6 26. Qxh4 Rg8+ 27.
Kf1 Rfg6 28. Ke1 Kh7 29. Qe7+ R8g7 30. Qh4 Rg1+ 31. Kd2 Ra1 32. Qf6 Ra2+ 33.
Kc3 Rxf2 34. Qh4 Rgg2 35. Qe7+ Kg6 36. Qe8+ Kg5 37. Qg8+ Kf4 38. Qd5 Rc2+ 39.
Kb3 Rb2+ 40. Ka4 Bd7+ 41. Ka5 b6+ 42. Ka6 Kxe3 43. Qf7 Bc8+ 44. Kxa7 Rb3 45.
Kb8 Ba6 46. Qxc7 Rg8+ 47. Ka7 Rxa3 48. Qxb6+ Kxd3 49. Qxd6+ Kc2 50. b5 Bxb5+
51. Qxa3 Bxc4 52. Qa4+ Kd3 53. Qd7+ Kc3 54. Qe7 Kd4 55. Qd6+ Ke4 56. Qc6+ Bd5
57. Qa4+ Kf5 58. Qc2+ e4 59. Qf2+ Kg4 60. Qg2+ Kf4 61. Qd2+ Ke5 62. Qxh6 Rg2
63. Qh5+ Kd4 64. Qd1+ Kc5 65. Qc1+ Bc4 66. Qe3+ Kd5 67. Qc1 -- 68. Qd1+ {Die
Dame zog von e3 nach d1.} Bd3 69. Qh5+ Kd4 70. Qh3 Ra2+ 71. Kb6 Rb2+ 72. Kc7 e3
73. Qd7+ Kc3 74. Qg7+ Kc2 75. Qg2+ e2 76. h4 Kc3 77. Qc6+ Kd2 78. Qg2 Rc2+ 79.
Kd6 Be4 80. Qh2 Kd1 81. Qg1+ e1=Q 82. Qd4+ Rd2 83. Kc5 Rxd4 84. Kxd4 Kd2 85.
Ke5 Qxh4 86. Kd4 Bh7+ 87. Kc5 Qe4 88. Kb6 Kd3 89. Kc7 Kc4 90. Kb6 Qd5 91. Kc7
Kc5 92. Kb8 Qd7 93. Ka8 Kb6 0-1

[Event "Int. Stuttgarter Stadtmeisterschaft C"]
[Site "Ditzingen"]
[Date "2016.05.05"]
[Round "2.29"]
[White "Gazitepe, Deniz"]
[Black "Abdullah, Danyar"]
[Result "1-0"]
[WhiteElo "1028"]
[BlackElo "733"]
[PlyCount "65"]
[EventDate "2016.??.??"]
[WhiteTeam "SV Altbach"]
[BlackTeam "SV Stuttgart-Wolfbusch"]

1. e4 e5 2. Nf3 Nc6 3. Nc3 Nf6 4. Bc4 Bc5 5. O-O O-O 6. d3 d6 7. Bg5 Be6 8.
Bxe6 fxe6 9. Bh4 Nd4 10. Ng5 Nf5 11. Nxe6 Qe7 12. Nxf8 Nxh4 13. Nd5 Qxf8 14.
Nxc7 Rc8 15. Ne6 Qe8 16. Nxc5 Rxc5 17. b4 Qg6 18. g3 Rc3 19. Rb1 Ra3 20. Rb3
Rxa2 21. Rc3 Ne8 22. Qb1 Qf7 23. gxh4 Qg6+ 24. Kh1 Ra6 25. Qb3+ Kf8 26. f4 exf4
27. Rxf4+ Ke7 28. Rf1 Nf6 29. Rc7+ Kd8 30. Qc4 Ng4 31. Rf8+ Qe8 32. Rxe8+ Kxe8
33. Qg8# 1-0

[Event "Int. Stuttgarter Stadtmeisterschaft C"]
[Site "Ditzingen"]
[Date "2016.05.06"]
[Round "3.1"]
[White "Erhardt, Kristian"]
[Black "Hackner, Felix"]
[Result "0-1"]
[WhiteElo "1288"]
[BlackElo "1339"]
[PlyCount "54"]
[EventDate "2016.??.??"]
[WhiteTeam "Schach-Kids Bernhausen"]
[BlackTeam "SC Kreut"]

1. e4 c5 2. c4 Nc6 3. g3 d6 4. Bg2 g6 5. Ne2 Bg7 6. O-O Nf6 7. d3 O-O 8. Nbc3
a6 9. f4 Bd7 10. a3 Rb8 11. Rb1 b5 12. b4 cxb4 13. Nd5 bxa3 14. Bxa3 bxc4 15.
dxc4 Nxd5 16. cxd5 Rxb1 17. Qxb1 Nd4 18. Re1 Bb5 19. Nc3 Qb6 20. Kh1 Rc8 21.
Re3 Nc2 22. Rf3 Nxa3 23. Qb3 Rxc3 24. Rxc3 Bxc3 25. Qxc3 Nc4 26. Bf1 Qe3 27.
Qc2 Qe1 0-1

[Event "Int. Stuttgarter Stadtmeisterschaft C"]
[Site "Ditzingen"]
[Date "2016.05.06"]
[Round "3.2"]
[White "Thomas, Leonhard"]
[Black "Jelisavac, Nenad"]
[Result "1/2-1/2"]
[WhiteElo "1410"]
[BlackElo "1275"]
[PlyCount "34"]
[EventDate "2016.??.??"]
[WhiteTeam "SV Fellbach"]
[BlackTeam "Matt Inn Dortmund"]

1. e4 e6 2. Bb5 c6 3. Be2 d5 4. exd5 exd5 5. d4 Nf6 6. Nf3 Be7 7. O-O O-O 8.
Nc3 Bg4 9. Ne5 Bxe2 10. Nxe2 Nbd7 11. Bf4 Nh5 12. Nd3 Nxf4 13. Nexf4 Nf6 14.
Re1 Bd6 15. Ne5 Qc7 16. Nh5 Nxh5 17. Qxh5 Rfe8 1/2-1/2

[Event "Int. Stuttgarter Stadtmeisterschaft C"]
[Site "Ditzingen"]
[Date "2016.05.06"]
[Round "3.3"]
[White "Meißner, Mogens"]
[Black "Hilger, Herbert"]
[Result "1-0"]
[WhiteElo "1364"]
[BlackElo "1261"]
[PlyCount "61"]
[EventDate "2016.??.??"]
[WhiteTeam "SK Bietigheim-Bissingen"]
[BlackTeam "SV Stuttgart-Wolfbusch"]

1. e4 e5 2. Nf3 Nc6 3. Bc4 Bc5 4. c3 Nf6 5. d4 exd4 6. cxd4 Bb4+ 7. Bd2 Bxd2+
8. Nbxd2 d6 9. h3 O-O 10. O-O Na5 11. Bd3 Nc6 12. Re1 Re8 13. a3 a6 14. Qc2 h6
15. Re3 Qd7 16. Rc1 Re7 17. Rce1 b5 18. b4 Bb7 19. Nf1 Nh5 20. e5 g6 21. e6
fxe6 22. Bxg6 Nf4 23. Ng3 Rf8 24. Nh5 Nxh5 25. Bxh5 Rf6 26. Qd3 Nd8 27. Nh4 Rg7
28. Rg3 Bd5 29. Ree3 Nc6 30. Rxg7+ Kxg7 31. Rg3+ 1-0

[Event "Int. Stuttgarter Stadtmeisterschaft C"]
[Site "Ditzingen"]
[Date "2016.05.06"]
[Round "3.4"]
[White "Fechner, Andreas"]
[Black "Dhaneesh Naduvilayil"]
[Result "0-1"]
[WhiteElo "1252"]
[BlackElo "1350"]
[PlyCount "88"]
[EventDate "2016.??.??"]
[WhiteTeam "SC Magstadt"]

1. d4 Nf6 2. c4 e6 3. Nc3 d5 4. e3 Be7 5. Nf3 O-O 6. b3 c6 7. Bb2 Nbd7 8. Be2
Re8 9. O-O b6 10. Qc2 h6 11. e4 Nf8 12. e5 N6d7 13. Bd3 a6 14. Ne2 c5 15. dxc5
Nxc5 16. Rfd1 Bb7 17. cxd5 Nxd3 18. Rxd3 Bxd5 19. Qd2 Ra7 20. Qe3 Qb8 21. Rad1
Rd8 22. Bd4 Nd7 23. Ng3 Nc5 24. Rc3 Rad7 25. Rcc1 Qb7 26. b4 Na4 27. Qa3 b5 28.
Ne2 Nb6 29. Bxb6 Qxb6 30. Ned4 Bxf3 31. Qxf3 Rxd4 32. Rxd4 Qxd4 33. h3 Qxe5 34.
Rd1 Rxd1+ 35. Qxd1 Bxb4 36. Kf1 Qd5 37. Qc2 Qc4+ 38. Qxc4 bxc4 39. Ke2 c3 40.
Kd1 Kf8 41. Kc2 a5 42. a3 Ke7 43. axb4 axb4 44. f3 Kd6 0-1

[Event "Int. Stuttgarter Stadtmeisterschaft C"]
[Site "Ditzingen"]
[Date "2016.05.06"]
[Round "3.5"]
[White "Stiefelmeyer, Michael"]
[Black "Barna, Janos"]
[Result "0-1"]
[WhiteElo "1214"]
[BlackElo "1322"]
[PlyCount "54"]
[EventDate "2016.??.??"]
[WhiteTeam "SF Nabern"]
[BlackTeam "SC Leinfelden"]

1. e4 e5 2. Nf3 Nc6 3. Bc4 Nf6 4. O-O Be7 5. Re1 O-O 6. c3 d6 7. h3 h6 8. a3
Na5 9. Ba2 c5 10. d3 Be6 11. Nbd2 Bxa2 12. Rxa2 Qc7 13. b4 Nc6 14. Nf1 Nh7 15.
Ng3 Ng5 16. Nh4 Nxh3+ 17. gxh3 Bxh4 18. Qg4 Bxg3 19. Bxh6 Bxf2+ 20. Rxf2 f6 21.
Rg2 Rf7 22. Kh2 Kh8 23. Qh5 gxh6 24. Qxh6+ Rh7 25. Qxf6+ Rg7 26. Reg1 Qf7 27.
Qh6+ Rh7 0-1

[Event "Int. Stuttgarter Stadtmeisterschaft C"]
[Site "Ditzingen"]
[Date "2016.05.06"]
[Round "3.6"]
[White "Fekete, Jochen"]
[Black "Dietrich, Malte"]
[Result "0-1"]
[WhiteElo "1151"]
[BlackElo "1317"]
[PlyCount "66"]
[EventDate "2016.??.??"]
[WhiteTeam "Stuttgarter SF"]
[BlackTeam "Rochade Metzingen"]

1. d4 Nf6 2. Nf3 e6 3. e3 d5 4. a3 a6 5. Nbd2 c5 6. Be2 Nc6 7. c3 b5 8. dxc5
Bxc5 9. Nd4 Bb7 10. N2f3 Bd6 11. Bd2 O-O 12. Bd3 Ne5 13. Nxe5 Bxe5 14. a4 Bxd4
15. exd4 Bc6 16. a5 Kh8 17. Bg5 Qd6 18. Qf3 e5 19. Qd1 e4 20. Be2 Rae8 21. Qc2
Bd7 22. h3 h6 23. Be3 Nh7 24. g4 f5 25. gxf5 Bxf5 26. Kd2 g5 27. Rag1 Qe6 28.
Bg4 Nf6 29. Bxf5 Qxf5 30. Ke1 Nh5 31. Qd1 Nf4 32. Bxf4 Qxf4 33. Rf1 e3 0-1

[Event "Int. Stuttgarter Stadtmeisterschaft C"]
[Site "Ditzingen"]
[Date "2016.05.06"]
[Round "3.7"]
[White "Lautner, Peter"]
[Black "Leutschaft, Jonathan"]
[Result "0-1"]
[WhiteElo "1495"]
[BlackElo "1292"]
[PlyCount "60"]
[EventDate "2016.??.??"]
[WhiteTeam "SC Kreut"]
[BlackTeam "SF Kornwestheim"]

1. e4 e5 2. Nf3 Nc6 3. d4 exd4 4. Nxd4 Nxd4 5. Qxd4 Nf6 6. e5 c5 7. Qd3 Qe7 8.
f4 d6 9. Qe3 dxe5 10. fxe5 Nd7 11. Bb5 a6 12. Bxd7+ Bxd7 13. O-O g6 14. Nc3 Bc6
15. Bd2 Bg7 16. Rae1 O-O 17. Qg3 h6 18. Bf4 Rad8 19. Qe3 Rfe8 20. Kh1 Kh7 21.
Bg3 b6 22. Qf4 Rf8 23. Qg4 Qe6 24. Qf4 Rd4 25. Qf2 Kg8 26. Bf4 Qg4 27. Ne2 Re4
28. h3 Qe6 29. Nc3 Rxe1 30. Qxe1 Qxh3+ 0-1

[Event "Int. Stuttgarter Stadtmeisterschaft C"]
[Site "Ditzingen"]
[Date "2016.05.06"]
[Round "3.8"]
[White "Liu, Sijia Anna"]
[Black "Bierkant, Sinan"]
[Result "1-0"]
[WhiteElo "1419"]
[BlackElo "928"]
[PlyCount "43"]
[EventDate "2016.??.??"]
[WhiteTeam "SV Stuttgart-Wolfbusch"]
[BlackTeam "GSV Hemmingen"]

1. e4 e6 2. d4 d5 3. Nd2 c5 4. c3 Nc6 5. Ngf3 Qb6 6. Qb3 c4 7. Qxb6 axb6 8. g3
Nh6 9. Bg2 Be7 10. O-O O-O 11. Re1 f6 12. b4 b5 13. exd5 exd5 14. Nh4 Bg4 15.
Bxd5+ Kh8 16. Bxc6 bxc6 17. Rxe7 Bh3 18. Ng2 Rfe8 19. Rxe8+ Rxe8 20. Nf3 Ng4
21. Nf4 g5 22. Nxh3 1-0

[Event "Int. Stuttgarter Stadtmeisterschaft C"]
[Site "Ditzingen"]
[Date "2016.05.06"]
[Round "3.9"]
[White "Drianis, Anton"]
[Black "Klebba, Adrian"]
[Result "0-1"]
[WhiteElo "1296"]
[BlackElo "1121"]
[PlyCount "52"]
[EventDate "2016.??.??"]
[WhiteTeam "SK Gerlingen"]
[BlackTeam "SV Altbach"]

1. d4 f5 2. Nf3 g6 3. b3 Bg7 4. Bb2 Nf6 5. e3 O-O 6. Bc4+ Kh8 7. Ng5 Qe8 8.
Nf7+ Rxf7 9. Bxf7 Qxf7 10. c4 d6 11. O-O Nbd7 12. Nd2 e5 13. dxe5 dxe5 14. Nf3
e4 15. Ng5 Qe7 16. f3 h6 17. Nh3 exf3 18. Rxf3 Ne5 19. Bxe5 Qxe5 20. Nf4 Kh7
21. Rc1 b6 22. Rg3 g5 23. Nh5 Nxh5 24. Qxh5 f4 25. exf4 Qxf4 26. Rf1 Bd4+ 0-1